Gaming Quiz

Random Gaming Quiz

Starter Characters in SSB series Quiz Stats

Quiz not verified by Sporcle

Also try: What's Your Move?
Challenge
Share
Tweet
Embed
Score 0/23 Timer 10:00
0 Plays Today
Fighter % Correct
Mario
100%
Link
94.7%
Donkey Kong
90.7%
Kirby
90.7%
Fox
89.3%
Pikachu
89.3%
Peach
88%
Samus
86.7%
Bowser
85.3%
Zelda
84%
Yoshi
80%
Ness
74.7%
Fighter % Correct
Captain Falcon
72%
Wario
70.7%
Diddy Kong
69.3%
Meta Knight
68%
King Dedede
68%
Pokémon Trainer
65.3%
Lucas
64%
Ike
61.3%
Ice Climbers
56%
Pit
56%
Olimar
54.7%

You're not logged in!

Compare scores with friends on all Sporcle quizzes.
Join for Free
OR
Log In

You Might Also Like...

Show Comments

Extras

Created Jun 27, 2010SourceReportNominate
Tags:character, fighter, ssb, starter

Top Quizzes Today


Score Distribution

Your Account Isn't Verified!

In order to create a playlist on Sporcle, you need to verify the email address you used during registration. Go to your Sporcle Settings to finish the process.

Report this User

Report this user for behavior that violates our Community Guidelines.

Details: